History Quiz

Random History or Famous Quiz
Score 0/24 Timer 06:00
2 Plays Today
% Correct
Farrah Fawcett
91.3%
C.S. Lewis
88.9%
John Adams
88.8%
Roger Moore
87.9%
Lyndon B. Johnson
87.5%
Pierre Curie
86.3%
Sergei Prokofiev
85.9%
Señor Wences
85%
Tom Petty
84%
Randolph Churchill
83.9%
Ruhollah Khomeini
82.9%
Lauren Bacall
81.6%
% Correct
Bram Stoker
80.2%
Mary Jo Kopechne
79.5%
Olav V
78.3%
Aldous Huxley
76.9%
Ferdinand von Zeppelin
73.4%
Mark Twain
73.2%
Werner Klemperer
72.4%
William Rehnquist
69.1%
Mustafa Kemal Atatürk
60.5%
W.E.B. DuBois
58.8%
Robert Goddard
51.7%
Sherman Edwards
48.1%
Remove Ads.
Support Sporcle.
Get the best of Sporcle when you Go Orange. This ad-free experience offers more features, more stats, and more fun while also helping to support Sporcle. Thank you for becoming a member.

You're not logged in!

Compare scores with friends on all Sporcle quizzes.
OR
Log In

Sporcle TV

Today on Sporcle TV


Watch our educational content, quiz creation guides, and fun videos on Sporcle TV.

Show Comments

Extras

Top Quizzes Today


Score Distribution

Paid Content

Your Account Isn't Verified!

In order to create a playlist on Sporcle, you need to verify the email address you used during registration. Go to your Sporcle Settings to finish the process.

Report this User

Report this user for behavior that violates our Community Guidelines.

Details: